| 000 | 00704nam a2200253Ia 4500 | ||
|---|---|---|---|
| 003 | OSt | ||
| 005 | 20220926011225.0 | ||
| 006 | a|||||r|||| 00| 0 | ||
| 007 | ta | ||
| 008 | 220923b |||||||| |||| 00| 0 eng d | ||
| 020 | _a0135589665 | ||
| 037 | _cGeneral Book | ||
| 040 |
_aRTL _cRTL _beng |
||
| 041 |
_2eng _aeng |
||
| 082 | _aX:51.73.N8, M7;NO | ||
| 100 |
_aClark John B _9267120 |
||
| 245 | 0 |
_aMarketing today _b Successes, failures and turnaroun |
|
| 250 | _a2 | ||
| 260 |
_aNew Jersey _bPrentice-Hall _c1990 |
||
| 300 |
_axvii, 238p _ccm. |
||
| 650 |
_aMarketing _915998 |
||
| 942 |
_hX:51.73.N8, M7;NO _cGB _2CC |
||
| 999 |
_c619433 _d619433 |
||